000 00335 a2200133 4500
999 _c324332
_d324332
001 89259
003 NUST
082 _a891.4393 UMA
100 _aUmaira Ahmed
_9743
245 _aMein Ne Khawaboon Ka Shajar Dekha Hey
260 _aLahore
_bIlm-o-Irfan Publishers
_c2012
300 _a184p.
500 _aGeneral Books
942 _aCAE NUST
_cBK
_k891.4393 UMA
_2ddc